<?xml version="1.0" encoding="UTF-8"?>
<record
    xmlns:xsi="http://www.w3.org/2001/XMLSchema-instance"
    xsi:schemaLocation="http://www.loc.gov/MARC21/slim http://www.loc.gov/standards/marcxml/schema/MARC21slim.xsd"
    xmlns="http://www.loc.gov/MARC21/slim">

  <leader>00870nac a22002051u 4500</leader>
  <controlfield tag="008">100810m19931994uar||||r000  000 0 ara d</controlfield>
  <datafield tag="082" ind1=" " ind2=" ">
    <subfield code="a">210</subfield>
    <subfield code="b">&#x628; &#x64A; &#x627;</subfield>
  </datafield>
  <datafield tag="100" ind1=" " ind2=" ">
    <subfield code="a">  </subfield>
    <subfield code="9">17335</subfield>
  </datafield>
  <datafield tag="110" ind1=" " ind2=" ">
    <subfield code="a">&#x627;&#x644;&#x623;&#x632;&#x647;&#x631; &#x627;&#x644;&#x634;&#x631;&#x64A;&#x641;</subfield>
    <subfield code="9">17436</subfield>
  </datafield>
  <datafield tag="245" ind1=" " ind2=" ">
    <subfield code="a">&#x628;&#x64A;&#x627;&#x646; &#x644;&#x644;&#x646;&#x627;&#x633; &#x645;&#x646; &#x627;&#x644;&#x623;&#x632;&#x647;&#x631; &#x627;&#x644;&#x634;&#x631;&#x64A;&#x641;/ </subfield>
    <subfield code="c">&#x627;&#x644;&#x623;&#x632;&#x647;&#x631; &#x627;&#x644;&#x634;&#x631;&#x64A;&#x641;</subfield>
  </datafield>
  <datafield tag="260" ind1=" " ind2=" ">
    <subfield code="a">&#x627;&#x644;&#x642;&#x627;&#x647;&#x631;&#x629; :</subfield>
    <subfield code="b">&#x627;&#x644;&#x623;&#x632;&#x647;&#x631; &#x627;&#x644;&#x634;&#x631;&#x64A;&#x641;&#x60C;</subfield>
    <subfield code="c">1993-1994</subfield>
  </datafield>
  <datafield tag="300" ind1=" " ind2=" ">
    <subfield code="a">2 &#x645;&#x62C;&#x61B;</subfield>
    <subfield code="c">24 &#x633;&#x645;</subfield>
  </datafield>
  <datafield tag="504" ind1=" " ind2=" ">
    <subfield code="a">&#x64A;&#x634;&#x62A;&#x645;&#x644; &#x639;&#x644;&#x649; &#x625;&#x631;&#x62C;&#x627;&#x639;&#x627;&#x62A; &#x628;&#x628;&#x644;&#x64A;&#x648;&#x62C;&#x631;&#x627;&#x641;&#x64A;&#x629;</subfield>
  </datafield>
  <datafield tag="511" ind1=" " ind2=" ">
    <subfield code="a">Catalogued by: Sara</subfield>
  </datafield>
  <datafield tag="541" ind1=" " ind2=" ">
    <subfield code="a">&#x61B;&#x627;&#x644;&#x641; &#x628;&#x627;&#x621;</subfield>
    <subfield code="c">&#x61B;&#x634;&#x631;&#x627;&#x621;</subfield>
  </datafield>
  <datafield tag="650" ind1=" " ind2=" ">
    <subfield code="a">&#x627;&#x644;&#x625;&#x633;&#x644;&#x627;&#x645;</subfield>
    <subfield code="9">13667</subfield>
  </datafield>
  <datafield tag="650" ind1=" " ind2=" ">
    <subfield code="a">&#x627;&#x644;&#x641;&#x631;&#x642; &#x627;&#x644;&#x625;&#x633;&#x644;&#x627;&#x645;&#x64A;&#x629;</subfield>
    <subfield code="9">13294</subfield>
  </datafield>
  <datafield tag="942" ind1=" " ind2=" ">
    <subfield code="c">BB</subfield>
    <subfield code="k">210&#x628; &#x64A; &#x627;</subfield>
    <subfield code="2">ddc</subfield>
  </datafield>
  <datafield tag="999" ind1=" " ind2=" ">
    <subfield code="c">5802</subfield>
    <subfield code="d">5802</subfield>
  </datafield>
  <datafield tag="952" ind1=" " ind2=" ">
    <subfield code="0">0</subfield>
    <subfield code="1">0</subfield>
    <subfield code="2">ddc</subfield>
    <subfield code="4">0</subfield>
    <subfield code="7">0</subfield>
    <subfield code="8">Alef-Baa</subfield>
    <subfield code="a">MAIN</subfield>
    <subfield code="b">MAIN</subfield>
    <subfield code="c">LOW</subfield>
    <subfield code="d">2010-08-10</subfield>
    <subfield code="e">purchase</subfield>
    <subfield code="o">210 &#x628; &#x64A; &#x627;</subfield>
    <subfield code="p">000007432</subfield>
    <subfield code="r">2025-07-15 00:00:00</subfield>
    <subfield code="s">2018-09-05</subfield>
    <subfield code="y">BB</subfield>
    <subfield code="z">&#x62C;1,2</subfield>
  </datafield>
</record>
